000 00713nam a22001935i 4500
001 167594
003 ES-MaACL
005 20250826060526.0
008 010309s1882 fr |||| | fre d
100 1 _aVillard, A.
_9133753
245 1 0 _aHistoire du prolétariat ancien et moderne /
_cpar A. Villard.
260 _aMadrid :
_bLibrairie Guillaumin et C.,
_c1882 (
_eNimes :
_fTyp. Clavel-Ballivet et C.)
300 _aXIII, 718 p. ;
_c22 cm.
530 _aDisponible en formato digital.
650 7 _aClase trabajadora
_2embne
_9151811
852 _aES-MaACL
_jF-9948
_z- Enc. pasta
856 _uhttps://archive.org/details/histoireduprolt01villgoog
_zInternet Archive
999 _c167594
_d167594